Guess The Horror Game From The Main Antagonist #7 - Statistics

General Stats
  • This quiz has been taken 25 times
  • The average score is 5 of 30
Answer Stats
Main Antagonist Horror Game % Correct
Lady Alcina Dimitrescu Resident Evil: Village
84%
The Beast Amnesia: The Bunker
26%
Zachary Hale Comstock BioShock Infinite
26%
The Divers Scooby Horror
26%
The Kid with Black Eyes Black Eyes
21%
Undead Dora Dora is Dead
21%
Sae Kurosawa Fatal Frame II: Crimson Butterfly
21%
Leenie Boog Leenie Boog
21%
The Hunter Prodeus
21%
The Ducks Anatidaephobia: The Game
16%
Loki Apsulov: End of Gods
16%
The Teddy Bedtime Blues
16%
Cara Fears to Fathom: Carson House
16%
Sugar the Rabbit Indagar
16%
The Maggot Face Maggot Face
16%
Sharon Memories of Home
16%
The Woman with Different Figures Nextdoor
16%
The Creature in the Hole Nightmare of Decay
16%
The Never Better Monster Perfection
16%
The Lumberjack Red and the Whispering Woods
16%
Poppy Tall Poppy
16%
Doctor Randolph The Heilwald Loophole
16%
Lahk’broan Jah’mes Thirstiest Time of the Year
16%
Spencer York Cold Shot
11%
The Monster of the Darkness Dark Veer
11%
The Ayuwoki Escape From Ayuwoki
11%
William Kraven Kraven Manor
11%
Andy A Night at Andy’s
5%
Robert Marsh Call of Cthulhu: Dark Corners of the Earth
5%
The Red Lady Nightmare Shift
5%
No matching quizzes found
Score Distribution
Percent of People with Each Score
Percentile by Number Answered
Your Score History
You have not taken this quiz